The Forsaken People : case studies of the internally displaced
| Format: | Book |
|---|---|
| Published: |
Washington D.C ,
The Brookings Institution , 1998
|
| Subjects: |
MARC
| LEADER | 00000cam a2200000 7i4500 | ||
|---|---|---|---|
| 001 | 0000055529 | ||
| 005 | 20061226.0 | ||
| 008 | 061226s1998 | ||
| 020 | |a 0815715145 | ||
| 090 | 0 | 0 | |a R 362.87 THE |
| 245 | 1 | 4 | |a The Forsaken People : |b case studies of the internally displaced |c Roberta Cohen and Francis M. Deng,editors |
| 260 | |a Washington D.C , |c The Brookings Institution , |c 1998 | ||
| 300 | |a xvi,512p. : |b ill ; |c 23cm. | ||
| 650 | 0 | 0 | |a Refugees - Case studies |
| 999 | |a 270154 |b Buku |c Rak Terbuka |e Perbadanan Perpustakaan Awam Melaka | ||